000
00299nam a22001337a 4500
999
_c
11235
_d
11235
003
OSt
008
220521b ||||| |||| 00| 0 eng d
082
_a
823.92 IGR
100
_a
Iger,Robert
245
_a
Ride of a life time
260
_a
London
_b
Penguin
_c
2019
300
_a
246
942
_2
ddc
_c
BK